000 01060aam a2200301 i 4500
999 _c45227
_d45227
001 18822
003 CO-MdFUSB
005 20190220155551.0
008 190211t1997 tnud|||g |||| 00| 0 eng d
020 _a0-8054-6096-9
040 _cCO-MdFUSB
_aCO-MdFUSB
_bspa
_dCO-MdFUSBC
_erda
041 _aeng
082 0 4 _224
_aG 658.4012
_bB586m
100 1 _aBiehl, Bobb
_eautor
245 1 0 _aMaster-planning
_b: the complete guide for building a strategic plan for your business, church, or organization
_c/ Bobb Biehl
264 1 _aNashville, Tennessee:
_bBroadman and Holman Publishers,
_c℗1997
264 4 _c©1997
300 _a280 páginas
_c; 23 cm
336 _2rdacontent
_atexto
_btxt
337 _2rdamedia
_asin mediación
_bn
338 _2rdacarrier
_avolumen
_bnc
505 0 _aEl proceso de planificación -- La flecha de planificación maestra -- El proceso de DOCTOR
563 _aPasta dura
650 0 _91118
_aAdministración eclesiástica
653 _aPlanificación estratégica (gestión)
942 _cBK